10 Random History Facts #2 - Statistics

General Stats
  • This quiz has been taken 31 times
  • The average score is 5 of 10
Answer Stats
Question Answer % Correct
What leader used to smoke at least 10 cigars every day? Winston Churchill
87%
An author named Morgan Robertson wrote a novel that was almost exact to the Titanic disaster. True
83%
What fruit was used as a status symbol? Pineapple
67%
Was the world's most successful pirate a woman? Yes
60%
Which founding father had 1,200 bones from different bodies found in his house in 1998? Benjamin Franklin
53%
What animal was executed in France for murder? Pig
53%
What method was used to dispose of the accused Salem Witches? Hanging
37%
What country used death by elephants as an execution tactic? Siam
37%
What standard condiment used to be used as medicine? Ketchup
20%
While in power, Pope Gregory IX ordered the eradication of which animal? Cats
17%
No matching quizzes found
Score Distribution
Percent of People with Each Score
Percentile by Number Answered
Your Score History
You have not taken this quiz